| 000 | 00532nam a22001817a 4500 | ||
|---|---|---|---|
| 999 |
_c5781 _d5781 |
||
| 003 | GBCCL | ||
| 005 | 20241126110549.0 | ||
| 008 | 180406b ||||| |||| 00| 0 eng d | ||
| 040 | _cgbc | ||
| 082 |
_a248.83 _bCRO |
||
| 100 |
_aCrow, Paul A. _910471 |
||
| 245 |
_aNo greater love: _bCurriculum area guide / _cPaul A. Crow |
||
| 260 |
_aMissouri: _bChristian Board of Publication, _c1956 |
||
| 300 |
_a127 p.; _c21 cm. |
||
| 650 |
_aChristian life _vStudy & Teaching _910472 |
||
| 650 |
_aChurch work with youth _95463 |
||
| 942 |
_2ddc _cBK |
||